Molecular and quantitative animal genetics / (Record no. 172377)

MARC details
000 -LEADER
fixed length control field 00966cam a2200301 i 4500
001 - CONTROL NUMBER
control field 18307775
003 - CONTROL NUMBER IDENTIFIER
control field OSt
005 - DATE AND TIME OF LATEST TRANSACTION
control field 20250911123946.0
008 - FIXED-LENGTH DATA ELEMENTS--GENERAL INFORMATION
fixed length control field 140918s2015 nju ob 001 0 eng
020 ## - INTERNATIONAL STANDARD BOOK NUMBER
International Standard Book Number 9781118677407 (Paperback)
024 ## - OTHER STANDARD IDENTIFIER
Terms of availability USD 134.00
040 ## - CATALOGING SOURCE
Original cataloging agency DLC
Language of cataloging eng
Transcribing agency DLC
Modifying agency NUST
Description conventions rda
050 00 - LIBRARY OF CONGRESS CALL NUMBER
Classification number QH432 MOL
245 00 - TITLE STATEMENT
Title Molecular and quantitative animal genetics /
Statement of responsibility, etc. edited by Hasan Khatib.
260 ## - PUBLICATION, DISTRIBUTION, ETC.
Place of publication, distribution, etc. Hoboken, New Jersey :
Name of publisher, distributor, etc. John Wiley and Sons,
Date of publication, distribution, etc. ©2015.
300 ## - PHYSICAL DESCRIPTION
Extent xiii, 313 pages :
Other physical details Illustrations ;
Dimensions 28 cm.
336 ## - CONTENT TYPE
Content type term text
Source rdacontent
Content type code txt
337 ## - MEDIA TYPE
Media type term unmediated
Source rdamedia
Media type code n
338 ## - CARRIER TYPE
Carrier type term volume
Source rdacarrier
Carrier type code nc
504 ## - BIBLIOGRAPHY, ETC. NOTE
Bibliography, etc. note Includes bibliographical references and index.
650 #0 - SUBJECT ADDED ENTRY--TOPICAL TERM
Topical term or geographic name entry element Animal genetics.
650 #0 - SUBJECT ADDED ENTRY--TOPICAL TERM
Topical term or geographic name entry element Intellectual property.
650 12 - SUBJECT ADDED ENTRY--TOPICAL TERM
Topical term or geographic name entry element Animals.
650 12 - SUBJECT ADDED ENTRY--TOPICAL TERM
Topical term or geographic name entry element Genetics.
650 22 - SUBJECT ADDED ENTRY--TOPICAL TERM
Topical term or geographic name entry element Molecular biology.
700 1# - ADDED ENTRY--PERSONAL NAME
Personal name Khatib, Hasan
Relator term Editor
942 ## - ADDED ENTRY ELEMENTS (KOHA)
Source of classification or shelving scheme Library of Congress Classification
Koha item type Ordinary Loan Books
Classification part QH432 MOL
Call number prefix QH
Call number suffix MOL
Suppress in OPAC No
Holdings
Withdrawn status Lost status Source of classification or shelving scheme Damaged status Not for loan Collection Home library Current library Shelving location Date acquired Source of acquisition Cost, normal purchase price Total Checkouts Full call number Barcode Date last seen Accession number Cost, replacement price Price effective from Koha item type Public note
    LCC     NFIC MAIN MAIN GEN 09/11/2025 Purchase 134.00   QH432 MOL 92004051746 09/11/2025 25/134 134.00 09/11/2025 BOOKS Purchase
    LCC     NFIC MAIN MAIN GEN 09/11/2025 Purchase 134.00   QH432 MOL 92004057748 09/11/2025 25/133 134.00 09/11/2025 BOOKS Purchase